[Event "ch-RUS Blitz 2016"]
[Site "Sochi RUS"]
[Date "2016.10.04"]
[Round "14.20"]
[White "Potapov, Alexander1"]
[Black "Levin, Evgeny A."]
[Result "0-1"]
[WhiteTitle "GM"]
[BlackTitle "GM"]
[WhiteElo "2402"]
[BlackElo "2505"]
[WhiteFideId "4115074"]
[BlackFideId "4182596"]
[EventDate "2016.10.04"]

1. d4 Nf6 2. c4 e6 3. Nc3 Bb4 4. g3 c5 5. Nf3 Nc6 6. Bg2 Ne4 7. Qd3 f5 8. d5
Bxc3+ 9. bxc3 Na5 10. O-O O-O 11. Nd2 Nxd2 12. Bxd2 d6 13. e4 e5 14. f4 exf4 15.
Rxf4 fxe4 16. Bxe4 Rxf4 17. Bxh7+ Kh8 18. Bxf4 Qf6 19. Rf1 Bh3 20. Rf2 Re8 21.
Bd2 Qe5 22. Rf7 Qh5 23. Qf3 Qxf3 24. Rxf3 Kxh7 25. Rf7 Nxc4 26. Bg5 Re1+ 0-1

[Event "ch-RUS Blitz 2016"]
[Site "Sochi RUS"]
[Date "2016.10.04"]
[Round "15.1"]
[White "Khismatullin, Denis"]
[Black "Artemiev, Vladislav"]
[Result "0-1"]
[WhiteTitle "GM"]
[BlackTitle "GM"]
[WhiteElo "2617"]
[BlackElo "2663"]
[WhiteFideId "4142578"]
[BlackFideId "24101605"]
[EventDate "2016.10.04"]

1. Nf3 d5 2. g3 g6 3. Bg2 Bg7 4. d4 Nf6 5. c4 c6 6. b3 O-O 7. Bb2 Bf5 8. O-O
Nbd7 9. e3 Ne4 10. Nc3 Nxc3 11. Bxc3 Be4 12. Qe2 e6 13. Rac1 Re8 14. Rfd1 Qe7
15. Bh3 Bxf3 16. Qxf3 Nf6 17. Qe2 a5 18. Bg2 a4 19. b4 h5 20. Rc2 Ng4 21. b5
Red8 22. Rb1 Rac8 23. Bb4 Qd7 24. Rbc1 cxb5 25. cxd5 Rxc2 26. Rxc2 exd5 27. Rc5
Qf5 28. e4 Qxf2+ 29. Qxf2 Nxf2 30. e5 Nd3 31. Rxb5 Bh6 32. Ba5 Rc8 33. Bxd5 Rc2
34. Rxb7 Be3+ 35. Kh1 Nf2+ 36. Kg2 Ng4+ 37. Kf3 Bxd4 38. Bxf7+ Kh8 39. e6 Nf6
40. g4 Rf2+ 41. Kg3 hxg4 42. Bb6 Rf3+ 43. Kg2 Bxb6 44. Rxb6 Nd5 45. Rb8+ Kg7 46.
Rb4 Ne3+ 0-1

[Event "ch-RUS Blitz 2016"]
[Site "Sochi RUS"]
[Date "2016.10.04"]
[Round "15.2"]
[White "Savchenko, Boris"]
[Black "Dubov, Daniil"]
[Result "1-0"]
[WhiteTitle "GM"]
[BlackTitle "GM"]
[WhiteElo "2613"]
[BlackElo "2648"]
[WhiteFideId "4147332"]
[BlackFideId "24126055"]
[EventDate "2016.10.04"]

1. e4 e5 2. Nf3 Nc6 3. Bb5 a6 4. Ba4 Nf6 5. O-O Be7 6. Re1 b5 7. Bb3 O-O 8. d3
d6 9. a4 Bg4 10. c3 Na5 11. Ba2 b4 12. Nbd2 Rb8 13. h3 Bh5 14. Nf1 bxc3 15. bxc3
Bxf3 16. Qxf3 Nb3 17. Rb1 Nxc1 18. Rexc1 Qd7 19. Bb3 g6 20. Ne3 Kg7 21. Kh2 Rb6
22. Nc4 Rb7 23. Qd1 Rfb8 24. Na5 Rb6 25. Nc4 R6b7 26. a5 d5 27. Nxe5 Qd6 28. f4
dxe4 29. d4 Nd5 30. g3 Ne3 31. Qe2 Rxb3 32. Rxb3 Rxb3 33. Qxe3 Qa3 34. Rc2 Rb2
35. Qe2 Rb1 36. Qxe4 Qa1 37. Qd5 Kh6 38. Nxf7+ Kg7 39. Ne5 Kh6 40. g4 Rf1 41.
g5+ Kh5 42. Qe4 Qe1 43. Qxe1 Rxe1 44. Kg3 Re3+ 45. Kg2 Re1 46. c4 Ra1 47. c5 Bf8
48. Nc6 Kh4 49. Re2 Ra3 50. Re8 Ra2+ 51. Kf3 Ra3+ 52. Ke2 1-0

[Event "ch-RUS Blitz 2016"]
[Site "Sochi RUS"]
[Date "2016.10.04"]
[Round "15.3"]
[White "Popov, Ivan RUS"]
[Black "Ponkratov, Pavel"]
[Result "0-1"]
[WhiteTitle "GM"]
[BlackTitle "GM"]
[WhiteElo "2596"]
[BlackElo "2589"]
[WhiteFideId "4170350"]
[BlackFideId "4157800"]
[EventDate "2016.10.04"]

1. e4 e6 2. d4 d5 3. Nc3 Bb4 4. exd5 exd5 5. Bd3 c6 6. Ne2 Ne7 7. Ng3 Nd7 8. O-O
Nf6 9. Bg5 Qd6 10. h3 h6 11. Bd2 Qd8 12. Qf3 Be6 13. Rfe1 Qd7 14. a3 Bd6 15. Bf4
Bxf4 16. Qxf4 O-O 17. Re5 Ng6 18. Bxg6 fxg6 19. Qe3 Rae8 20. Re1 Bf7 21. f4 Qd8
22. b4 Nd7 23. Re7 Nb6 24. f5 Nc4 25. Qe2 Rxe7 26. Qxe7 Qb8 27. Qh4 g5 28. Qg4
Re8 29. Rxe8+ Qxe8 30. Nce2 Qe3+ 31. Kh2 Qe7 32. Qf3 a5 33. bxa5 Nxa5 34. Nc1
Nc4 35. Nd3 Nxa3 36. Ne5 Nc4 37. Qe2 Nd6 38. Kg1 Nb5 39. Qe3 Nd6 40. c3 Be8 41.
Kh2 b6 42. Qf3 Nc4 43. Nxc4 dxc4 44. Ne4 Bf7 45. f6 Qc7+ 46. Ng3 Bd5 47. Qf5
gxf6 48. Qxf6 Kh7 49. h4 Qf4 50. Qe7+ Kg8 51. Qe8+ Kg7 52. Qe7+ Bf7 53. hxg5
hxg5 54. Qe1 b5 55. Kh1 Kg6 56. Ne4 Qh4+ 57. Qxh4 gxh4 58. Kg1 Bd5 59. Nd6 b4 0-1

[Event "ch-RUS Blitz 2016"]
[Site "Sochi RUS"]
[Date "2016.10.04"]
[Round "15.4"]
[White "Morozevich, Alexander"]
[Black "Chigaev, Maksim"]
[Result "0-1"]
[WhiteTitle "GM"]
[BlackTitle "IM"]
[WhiteElo "2683"]
[BlackElo "2551"]
[WhiteFideId "4116992"]
[BlackFideId "4108116"]
[EventDate "2016.10.04"]

1. e4 e6 2. d4 d5 3. Nc3 Bb4 4. e5 Ne7 5. a3 Bxc3+ 6. bxc3 b6 7. Qg4 Ng6 8. h4
h5 9. Qd1 Ba6 10. Bxa6 Nxa6 11. Bg5 Qd7 12. Ne2 Qa4 13. O-O Ne7 14. Ng3 g6 15.
Bxe7 Kxe7 16. Re1 Kd7 17. Nf1 Raf8 18. Ne3 Kc8 19. c4 dxc4 20. Qf3 Nb8 21. d5
Nd7 22. dxe6 fxe6 23. Qa8+ Nb8 24. Qe4 Qc6 25. Nxc4 Qxe4 26. Rxe4 Nd7 27. Nd2
Nc5 28. Re3 Rf4 29. Nf3 Rhf8 30. Rae1 a5 31. R1e2 a4 32. Rd2 Rg4 33. g3 Re4 34.
Rde2 Rxf3 35. Rxe4 Nxe4 36. Rxe4 Rxa3 37. g4 Ra1+ 38. Kg2 b5 39. gxh5 gxh5 40.
f4 a3 41. f5 exf5 42. Rf4 a2 43. e6 Re1 0-1

[Event "ch-RUS Blitz 2016"]
[Site "Sochi RUS"]
[Date "2016.10.04"]
[Round "15.5"]
[White "Andreikin, Dmitry"]
[Black "Bologan, Victor"]
[Result "1/2-1/2"]
[WhiteTitle "GM"]
[BlackTitle "GM"]
[WhiteElo "2736"]
[BlackElo "2640"]
[WhiteFideId "4158814"]
[BlackFideId "13900048"]
[EventDate "2016.10.04"]

1. e4 g6 2. d4 Bg7 3. Nc3 c6 4. Bc4 d6 5. Nf3 Nf6 6. O-O O-O 7. a4 d5 8. Bd3 Bg4
9. e5 Nfd7 10. h3 Bxf3 11. Qxf3 e6 12. Ne2 c5 13. c3 Nc6 14. g3 Ndxe5 15. dxe5
Nxe5 16. Qe3 d4 17. Qe4 f5 18. Qxb7 Nxd3 19. Qa6 Ne5 20. Nf4 Kh8 21. cxd4 Nf3+
22. Kg2 Nxd4 23. Be3 e5 24. Bxd4 cxd4 25. Nd3 Qd5+ 26. Kg1 Rf6 27. Qb5 Qxb5 28.
axb5 Rb6 29. Ra5 e4 30. Nf4 d3 31. Nd5 Rd6 32. b6 Bd4 33. g4 fxg4 34. Re1 g3 35.
Rxe4 Bxf2+ 36. Kg2 Bxb6 37. Nxb6 Rxb6 38. Rd4 Rxb2+ 39. Kxg3 Rb7 40. Rxd3 Rf8
41. Rda3 Rff7 42. h4 Kg7 43. h5 Rfc7 44. hxg6 hxg6 45. Ra6 Kh6 46. Kh3 Rf7 47.
Rg3 Rg7 48. Ra4 Rb5 49. Rga3 Rh5+ 50. Kg3 Rg5+ 51. Kh2 Rh5+ 52. Kg2 Rg5+ 53. Kh2
Rd7 54. Rxa7 Rd2+ 55. Kh1 Rd1+ 56. Kh2 Rh5+ 57. Kg2 Rd2+ 58. Kg3 Rg5+ 59. Kf3
Rh2 60. Ra8 Rh3+ 61. Kf2 Rh2+ 62. Kf3 Rh3+ 63. Kf2 Rxa3 64. Rxa3 Kh5 65. Rh3+
Kg4 66. Rg3+ Kf4 67. Rxg5 Kxg5 68. Kg3 1/2-1/2

[Event "ch-RUS Blitz 2016"]
[Site "Sochi RUS"]
[Date "2016.10.04"]
[Round "15.6"]
[White "Rakhmanov, Aleksandr"]
[Black "Matlakov, Maxim"]
[Result "1/2-1/2"]
[WhiteTitle "GM"]
[BlackTitle "GM"]
[WhiteElo "2662"]
[BlackElo "2691"]
[WhiteFideId "4173708"]
[BlackFideId "4168003"]
[EventDate "2016.10.04"]

1. c4 Nf6 2. Nc3 e5 3. Nf3 Nc6 4. d4 exd4 5. Nxd4 Bb4 6. Bg5 h6 7. Bh4 Bxc3+ 8.
bxc3 Ne5 9. e3 O-O 10. Be2 Ng6 11. Bg3 Ne4 12. Qc2 Re8 13. Bd3 Nxg3 14. hxg3 Ne5
15. Be2 d6 16. O-O b6 17. f4 Ng4 18. Bxg4 Bxg4 19. e4 Qf6 20. Rae1 Qg6 21. Re3
Bd7 22. Rfe1 Re7 23. Nf5 Ree8 24. Nd4 c5 25. Nb5 Bxb5 26. cxb5 d5 27. Qe2 d4 28.
cxd4 cxd4 29. Rd3 Rad8 30. e5 Rd5 31. Qe4 Qe6 32. a4 Qd7 33. Red1 Rd8 34. Kh2 h5
35. R1d2 g6 36. Rd1 Kg7 37. R1d2 Kg8 38. Rd1 Kh7 39. R1d2 Kg7 40. Rd1 Kg8 41.
R1d2 Kg7 42. Rd1 Kg8 43. R1d2 Kh7 44. Rd1 Kg7 45. R1d2 Kg8 46. Rd1 Kg7 47. R1d2
Kg8 48. Rd1 Kg7 1/2-1/2

[Event "ch-RUS Blitz 2016"]
[Site "Sochi RUS"]
[Date "2016.10.04"]
[Round "15.7"]
[White "Bocharov, Dmitry"]
[Black "Shaposhnikov, Evgeny"]
[Result "1-0"]
[WhiteTitle "GM"]
[BlackTitle "GM"]
[WhiteElo "2611"]
[BlackElo "2557"]
[WhiteFideId "4138716"]
[BlackFideId "4122232"]
[EventDate "2016.10.04"]

1. c4 c5 2. Nf3 Nc6 3. Nc3 Nd4 4. Ng1 Nc6 5. g3 g6 6. Bg2 Bg7 7. Nf3 Nh6 8. d4
cxd4 9. Nxd4 Nxd4 10. Bxh6 Bxh6 11. Qxd4 O-O 12. O-O Bg7 13. Qd2 d6 14. Rac1 Rb8
15. Rfd1 Be6 16. b3 a6 17. Ne4 Qb6 18. h4 Rfd8 19. Qg5 Qc7 20. Qe3 h6 21. Nc3
Qa5 22. Bd5 Bxd5 23. Nxd5 e6 24. Nc3 b5 25. Ne4 d5 26. cxd5 exd5 27. Nc5 Qxa2
28. Qf3 d4 29. h5 gxh5 30. Qxh5 Re8 31. Re1 Rbc8 32. Qf3 Qd2 33. Rcd1 Qc3 34.
Nxa6 Qxf3 35. exf3 Rxe1+ 36. Rxe1 Rc3 37. b4 Rxf3 38. Nc7 Rb3 39. Nxb5 Rxb4 40.
Nd6 d3 41. Rd1 Rd4 42. Nf5 Rd5 43. Ne7+ 1-0

[Event "ch-RUS Blitz 2016"]
[Site "Sochi RUS"]
[Date "2016.10.04"]
[Round "15.8"]
[White "Romanov, Evgeny"]
[Black "Pridorozhni, Aleksei"]
[Result "0-1"]
[WhiteTitle "GM"]
[BlackTitle "GM"]
[WhiteElo "2619"]
[BlackElo "2579"]
[WhiteFideId "4148843"]
[BlackFideId "4127870"]
[EventDate "2016.10.04"]

1. d4 d6 2. e4 Nf6 3. Nc3 e5 4. Nf3 Nbd7 5. Bc4 Be7 6. O-O O-O 7. a4 c6 8. Ba2
b6 9. Re1 a6 10. Bg5 Bb7 11. dxe5 dxe5 12. Nh4 h6 13. Bxh6 gxh6 14. Nf5 Kh7 15.
Re3 Nc5 16. Qc1 Ng8 17. h4 Bc8 18. b4 Bxf5 19. exf5 Nd7 20. Rd3 Qc7 21. Ne4 Rad8
22. Ng5+ hxg5 23. hxg5 e4 24. Rh3+ Kg7 25. f6+ Bxf6 26. gxf6+ Kxf6 27. Rh4 Qe5
28. Bc4 Ke7 29. Ra3 Ngf6 30. Bxa6 Rh8 31. Rah3 Rxh4 32. Rxh4 Ra8 33. b5 cxb5 34.
Bxb5 Nc5 35. Qe3 Rd8 36. g3 Rd1+ 37. Kg2 Qa1 0-1

[Event "ch-RUS Blitz 2016"]
[Site "Sochi RUS"]
[Date "2016.10.04"]
[Round "15.9"]
[White "Riazantsev, Alexander"]
[Black "Moskalenko, Alexander"]
[Result "1/2-1/2"]
[WhiteTitle "GM"]
[BlackTitle "IM"]
[WhiteElo "2651"]
[BlackElo "2490"]
[WhiteFideId "4125029"]
[BlackFideId "4155351"]
[EventDate "2016.10.04"]

1. d4 d5 2. Nf3 e6 3. c4 Nf6 4. Nc3 c6 5. e3 Nbd7 6. a4 b6 7. a5 Rb8 8. Bd3 Bb7
9. O-O Bb4 10. axb6 axb6 11. Bd2 Be7 12. e4 dxe4 13. Nxe4 Nxe4 14. Bxe4 Nf6 15.
Bc2 O-O 16. Bf4 Bd6 17. Bg5 Be7 18. Qd3 g6 19. Rfd1 Ra8 20. Rxa8 Bxa8 21. Qe2
Nd7 22. h4 Re8 23. b4 Bxg5 24. hxg5 Qe7 25. c5 Bb7 26. Ra1 Qd8 27. Qe3 Qc7 28.
Ne5 bxc5 29. bxc5 Nxe5 30. Qxe5 Qxe5 31. dxe5 Ra8 32. Rb1 Ra2 33. Be4 Ra4 34. f3
Ba6 35. Rb6 Bc4 36. Rxc6 Ra1+ 37. Kh2 Ra2 38. Rc8+ Kg7 39. c6 Bf1 40. f4 Ra4 41.
Bf3 Rxf4 42. Rd8 Rc4 43. Kg3 Rc5 44. Rd6 Rxe5 45. c7 Rxg5+ 46. Kf2 Rc5 47. Kxf1
Rxc7 48. Kf2 h5 49. Ra6 Re7 50. Kg3 Rc7 51. Kf4 Rd7 52. Rb6 Rd4+ 53. Ke3 Rc4 54.
Kd3 Rc5 55. Kd4 Rc7 56. Ke5 Rd7 57. Ke4 1/2-1/2

[Event "ch-RUS Blitz 2016"]
[Site "Sochi RUS"]
[Date "2016.10.04"]
[Round "15.10"]
[White "Yuffa, Daniil"]
[Black "Grachev, Boris"]
[Result "0-1"]
[WhiteTitle "IM"]
[BlackTitle "GM"]
[WhiteElo "2534"]
[BlackElo "2628"]
[WhiteFideId "24131423"]
[BlackFideId "4129199"]
[EventDate "2016.10.04"]

1. d4 Nf6 2. c4 b6 3. Nc3 Bb7 4. Qc2 d5 5. cxd5 Nxd5 6. Nf3 Nxc3 7. bxc3 Nd7 8.
e4 e5 9. Bc4 exd4 10. O-O d3 11. Qb3 Qe7 12. Ng5 Ne5 13. Bf4 Nxc4 14. Qxc4 h6
15. Nf3 O-O-O 16. Ne5 g5 17. Nxf7 b5 18. Qb3 Qxe4 19. f3 Bc5+ 20. Kh1 Qxf4 21.
Nxh8 Rxh8 22. Qxb5 Bd6 23. g3 Bxf3+ 24. Kg1 Qe3+ 25. Rf2 Bc5 26. Rf1 Re8 27.
Qa6+ Bb7 0-1

[Event "ch-RUS Blitz 2016"]
[Site "Sochi RUS"]
[Date "2016.10.04"]
[Round "15.11"]
[White "Khairullin, Ildar"]
[Black "Afanasiev, Nikita"]
[Result "1-0"]
[WhiteTitle "GM"]
[BlackTitle "FM"]
[WhiteElo "2630"]
[BlackElo "2280"]
[WhiteFideId "4151348"]
[BlackFideId "24183555"]
[EventDate "2016.10.04"]

1. d4 d6 2. Nf3 Bg4 3. e4 Nd7 4. h3 Bh5 5. c4 e5 6. Be2 Ngf6 7. Nc3 Be7 8. O-O
O-O 9. Be3 c6 10. d5 a5 11. Nd2 Bg6 12. a3 Nc5 13. Qc2 a4 14. dxc6 bxc6 15. Bxc5
dxc5 16. Nf3 Bd6 17. Rad1 Qc7 18. Rd2 Ra7 19. Rfd1 Be7 20. Nh4 Rfa8 21. Nf5 Bf8
22. Bf3 Qb6 23. h4 Qa6 24. Qd3 h6 25. Be2 Kh8 26. Qe3 Qb6 27. Rc1 Ne8 28. Qg3
Qc7 29. h5 Bh7 30. Rcd1 Nf6 31. Qh4 Ng8 32. Bg4 Re8 33. Ne3 Nf6 34. Bf5 Bg8 35.
Ng4 Be7 36. Nxf6 Bxf6 37. Qg4 Raa8 38. Rd7 Qb6 39. Qe2 Red8 40. g3 Rxd7 41. Rxd7
Ra7 42. Rxa7 Qxa7 43. Qd1 Qb7 44. Nxa4 Be7 45. Qd7 Qb3 46. Qxe7 Qxa4 47. Qxc5
Qd1+ 48. Kg2 Qxh5 49. Qxe5 f6 50. Qd4 Qg5 51. c5 h5 52. f4 Qh6 53. Qd8 h4 54.
Be6 1-0

[Event "ch-RUS Blitz 2016"]
[Site "Sochi RUS"]
[Date "2016.10.04"]
[Round "15.12"]
[White "Vitiugov, Nikita"]
[Black "Sychev, Klementy"]
[Result "1-0"]
[WhiteTitle "GM"]
[BlackTitle "IM"]
[WhiteElo "2721"]
[BlackElo "2445"]
[WhiteFideId "4152956"]
[BlackFideId "4114060"]
[EventDate "2016.10.04"]

1. d4 d5 2. c4 e6 3. Nc3 a6 4. cxd5 exd5 5. Qb3 c6 6. Bf4 Bd6 7. Bxd6 Qxd6 8.
Nf3 Nf6 9. e3 O-O 10. Bd3 Nbd7 11. O-O Re8 12. Qc2 Nf8 13. Ne5 Ng4 14. Nxg4 Bxg4
15. Na4 Bh5 16. Nc5 Re7 17. b4 Bg6 18. Rab1 Bxd3 19. Nxd3 Nd7 20. a4 g6 21. b5
cxb5 22. axb5 a5 23. Rfc1 Nb6 24. Qa2 Nc4 25. b6 Nxb6 26. Rb5 a4 27. Rcb1 Nc4
28. Nf4 Rc7 29. Nxd5 Rc6 30. h4 Na3 31. Rxb7 Nxb1 32. Ne7+ Kh8 33. Nxc6 Qxc6 34.
Qxf7 Qxb7 35. Qxb7 1-0

[Event "ch-RUS Blitz 2016"]
[Site "Sochi RUS"]
[Date "2016.10.04"]
[Round "15.13"]
[White "Rozum, Ivan"]
[Black "Alekseev, Evgeny"]
[Result "1-0"]
[WhiteTitle "GM"]
[BlackTitle "GM"]
[WhiteElo "2590"]
[BlackElo "2636"]
[WhiteFideId "24104272"]
[BlackFideId "4138147"]
[EventDate "2016.10.04"]

1. Nf3 c5 2. g3 Nc6 3. Bg2 g6 4. c4 Bg7 5. O-O e6 6. Nc3 d6 7. e3 Nge7 8. d4 O-O
9. Qd2 cxd4 10. Nxd4 Nxd4 11. exd4 Nf5 12. d5 e5 13. b3 Nd4 14. Bb2 Bf5 15. Kh1
Qd7 16. f4 b6 17. Rae1 Rfe8 18. fxe5 dxe5 19. Ne4 Bxe4 20. Bxe4 Qd6 21. g4 Rac8
22. Bc3 a5 23. Qd3 Re7 24. Rf2 Bf6 25. Bg2 Bh4 26. Bxd4 exd4 27. Rxe7 Bxf2 28.
Re4 Be3 29. Bf3 Rf8 30. Kg2 Kg7 31. Bd1 Kg8 32. Qf1 Kg7 33. Qf3 Qb4 34. Qe2 Qd6
35. Qf3 Rd8 36. h4 Qb4 37. Qe2 Rf8 38. g5 f6 39. Rxe3 dxe3 40. Qxe3 fxg5 41.
hxg5 Qd6 42. Bf3 Rf5 43. Bg4 Rf8 44. Be6 Rf4 1-0

[Event "ch-RUS Blitz 2016"]
[Site "Sochi RUS"]
[Date "2016.10.04"]
[Round "15.14"]
[White "Golubov, Saveliy"]
[Black "Sharafiev, Azat"]
[Result "1-0"]
[WhiteTitle "IM"]
[BlackTitle "IM"]
[WhiteElo "2481"]
[BlackElo "2418"]
[WhiteFideId "24176729"]
[BlackFideId "4186214"]
[EventDate "2016.10.04"]

1. e4 d6 2. d4 Nf6 3. Nc3 e5 4. Nf3 Nbd7 5. g3 Be7 6. Bg2 O-O 7. O-O c6 8. b3
Re8 9. Bb2 Qc7 10. a4 b6 11. Re1 a6 12. Qd2 Bb7 13. Rad1 Bf8 14. d5 b5 15. dxc6
Bxc6 16. axb5 axb5 17. Nd5 Qb7 18. Nh4 Ra2 19. Qc1 b4 20. Nf5 Bxd5 21. exd5 g6
22. Ne3 Bh6 23. Qb1 Ra6 24. Bf1 Bxe3 25. Rxe3 Ra5 26. Bg2 Nb6 27. Red3 Nbxd5 28.
Qc1 e4 29. Rd4 Nc3 30. Bxc3 bxc3 31. Rxd6 Kg7 32. Qf4 Rf5 33. Qe3 Qc7 34. h3 h5
35. R6d4 Rc5 36. Rd6 Rc6 37. Qf4 Re6 38. Rxe6 Qxf4 39. gxf4 Rxe6 40. Rd4 Rc6 41.
Bxe4 Nxe4 42. Rxe4 Kf6 43. Kg2 Kf5 44. Kf3 f6 45. h4 Rc5 46. Rc4 Ra5 47. Rxc3
Ra1 48. Rc5+ Ke6 49. f5+ gxf5 50. Kf4 Rh1 51. Rc6+ Ke7 52. Kxf5 Rxh4 53. Rxf6
Rh2 54. Ke5 h4 55. c4 h3 56. Rh6 Rh1 57. Rh7+ Kd8 58. f4 h2 59. Kf6 Rf1 60. Rxh2
Rxf4+ 61. Ke5 Rf3 62. Rb2 Rd3 63. Ke4 Rd1 64. Ke3 Kc7 65. Rd2 Rc1 66. Kd4 Kc6
67. Rh2 Rb1 68. Rh6+ Kc7 69. Kc3 Rc1+ 70. Kb4 Rb1 71. Ka4 Rc1 72. Kb5 Rb1 73. b4
Rg1 74. Rh7+ Kc8 75. c5 Rg4 76. Ka5 Rg5 77. Kb6 1-0

[Event "ch-RUS Blitz 2016"]
[Site "Sochi RUS"]
[Date "2016.10.04"]
[Round "15.15"]
[White "Zakhartsov, Vladimir"]
[Black "Levin, Evgeny A."]
[Result "0-1"]
[WhiteTitle "IM"]
[BlackTitle "GM"]
[WhiteElo "2452"]
[BlackElo "2505"]
[WhiteFideId "4145097"]
[BlackFideId "4182596"]
[EventDate "2016.10.04"]

1. e4 d5 2. Nc3 Nf6 3. e5 Nfd7 4. d4 e6 5. f4 c5 6. Nf3 Nc6 7. Be3 Be7 8. Qd2 b6
9. O-O-O c4 10. f5 b5 11. fxe6 fxe6 12. Bg5 Rb8 13. Bxe7 Qxe7 14. Qg5 b4 15. Ne2
O-O 16. Qxe7 Nxe7 17. Ng3 Nb6 18. Be2 Bd7 19. Rhf1 a5 20. Ng5 h6 21. Nh3 a4 22.
Rxf8+ Rxf8 23. Rf1 Rc8 24. Bh5 a3 25. bxa3 bxa3 26. c3 Na4 27. Rf7 Nxc3 28. Rxe7
Nxa2+ 29. Kb1 Nc3+ 30. Ka1 Rb8 31. Bg6 a2 0-1

[Event "ch-RUS Blitz 2016"]
[Site "Sochi RUS"]
[Date "2016.10.04"]
[Round "15.16"]
[White "Dreev, Aleksey"]
[Black "Lugovskoy, Maxim"]
[Result "1-0"]
[WhiteTitle "GM"]
[BlackTitle "IM"]
[WhiteElo "2660"]
[BlackElo "2436"]
[WhiteFideId "4100107"]
[BlackFideId "24126454"]
[EventDate "2016.10.04"]

1. d4 Nf6 2. c4 g6 3. g3 Bg7 4. Bg2 d5 5. cxd5 Nxd5 6. Nf3 Nb6 7. Nc3 Nc6 8. O-O
O-O 9. Bg5 h6 10. Be3 Nc4 11. Bc1 Nb6 12. d5 Na5 13. Qc2 c6 14. dxc6 Nxc6 15.
Rd1 Bf5 16. e4 Bd7 17. Be3 Nc4 18. Bf4 e5 19. Nd5 Nxb2 20. Qxb2 exf4 21. e5 fxg3
22. hxg3 Qc8 23. Rac1 Kh8 24. Nf6 Rd8 25. Qd2 Be6 26. Qf4 Rxd1+ 27. Rxd1 Qc7 28.
Nd4 Rd8 29. Bxc6 bxc6 30. Rc1 Bxa2 31. Rxc6 Qb7 32. Rd6 Rc8 33. e6 Bxe6 34. Nxe6
fxe6 35. Rd7 Qb1+ 36. Kh2 Qf5 37. Qxh6+ 1-0

[Event "ch-RUS Blitz 2016"]
[Site "Sochi RUS"]
[Date "2016.10.04"]
[Round "15.17"]
[White "Sakaev, Konstantin"]
[Black "Belyakov, Bogdan"]
[Result "1/2-1/2"]
[WhiteTitle "GM"]
[BlackTitle "IM"]
[WhiteElo "2594"]
[BlackElo "2487"]
[WhiteFideId "4104226"]
[BlackFideId "24104795"]
[EventDate "2016.10.04"]

1. d4 Nf6 2. c4 g6 3. Nc3 Bg7 4. Bf4 O-O 5. e3 c5 6. d5 d6 7. Nf3 Na6 8. h3 Nc7
9. Be2 a6 10. a4 Rb8 11. a5 b5 12. axb6 Rxb6 13. Ra2 Bf5 14. Nd2 Qb8 15. e4 Bd7
16. Qc2 Qb7 17. O-O Rb8 18. b3 Nfe8 19. Bg3 Bd4 20. Bd1 Ng7 21. Re1 Nce8 22. Nf3
Nf6 23. Nxd4 cxd4 24. Ne2 Nfh5 25. Nxd4 Nxg3 26. fxg3 Qc7 27. Kh2 e5 28. dxe6
Nxe6 29. Nxe6 Bxe6 30. Qd3 h5 31. Bc2 Qc5 32. Qd2 Kg7 33. Ra5 Qc7 34. e5 dxe5
35. Raxe5 Rd6 36. Qc3 Kh6 37. Qe3+ Kg7 38. Bxg6 fxg6 39. Rxe6 Rxe6 40. Qxe6 Rxb3
41. Re5 h4 42. Qe7+ Qxe7 43. Rxe7+ Kf6 44. Re1 hxg3+ 45. Kg1 Rc3 46. Kf1 Rxc4
47. Re3 Rf4+ 48. Ke1 a5 49. Rxg3 a4 50. Rc3 Rb4 51. Rc6+ Kg5 52. Ra6 Kh5 53. Kf2 1/2-1/2

[Event "ch-RUS Blitz 2016"]
[Site "Sochi RUS"]
[Date "2016.10.04"]
[Round "15.18"]
[White "Shcherbakov, Ruslan"]
[Black "Paravyan, David"]
[Result "1/2-1/2"]
[WhiteTitle "GM"]
[BlackTitle "IM"]
[WhiteElo "2516"]
[BlackElo "2528"]
[WhiteFideId "4102240"]
[BlackFideId "4194985"]
[EventDate "2016.10.04"]

1. e4 e5 2. Nf3 Nc6 3. Bb5 Nf6 4. d3 Bc5 5. Bxc6 dxc6 6. Qe2 Bg4 7. Nbd2 Nd7 8.
h3 Bh5 9. Nc4 Qe7 10. Bd2 O-O-O 11. Rb1 Nb6 12. Nxb6+ cxb6 13. b4 Bd6 14. g4 Bg6
15. h4 h5 16. g5 f5 17. gxf6 gxf6 18. a4 Bf7 19. a5 b5 20. Nh2 Be6 21. Nf1 Qd7
22. Be3 Kb8 23. Kd2 f5 24. exf5 Bxf5 25. Ng3 e4 26. Nxf5 Qxf5 27. d4 a6 28. Rhg1
Be7 29. Rh1 Rhg8 30. c3 Rg4 31. Rbg1 Rdg8 32. Rxg4 Rxg4 33. Bg5 Bxg5+ 34. hxg5
Rg2 35. Rf1 Qxg5+ 36. Qe3 Qf5 37. Kc1 h4 38. Rh1 Qxf2 39. Qxf2 Rxf2 40. Rxh4 e3
41. Re4 Re2 42. Kd1 Rd2+ 43. Kc1 Re2 44. Kd1 Rd2+ 45. Kc1 Kc7 46. Rxe3 Rh2 47.
Re7+ Kc8 48. Kb1 Rh5 49. Kc1 Rh2 50. Kb1 Rg2 51. Kc1 Rg3 52. Kc2 Rg6 53. Kd3 Rd6
54. Ke4 Rd5 55. Rh7 Rg5 56. Rh8+ Kc7 57. Rh7+ Kb8 58. Rh8+ Ka7 59. Kd3 Rg2 60.
Rf8 Rh2 61. Rg8 Rh3+ 62. Kd2 1/2-1/2

[Event "ch-RUS Blitz 2016"]
[Site "Sochi RUS"]
[Date "2016.10.04"]
[Round "15.19"]
[White "Gabrielian, Artur"]
[Black "Sadovsky, Artem"]
[Result "1-0"]
[WhiteTitle "GM"]
[WhiteElo "2524"]
[BlackElo "2414"]
[WhiteFideId "4131002"]
[BlackFideId "4155840"]
[EventDate "2016.10.04"]

1. e4 g6 2. d4 Bg7 3. Nc3 d6 4. f4 a6 5. Nf3 b5 6. Bd3 Bb7 7. O-O c5 8. dxc5
dxc5 9. e5 Nc6 10. Be4 Nh6 11. Be3 c4 12. Qxd8+ Rxd8 13. Rfd1 O-O 14. h3 Nf5 15.
Bf2 h5 16. a4 b4 17. Nd5 Ba8 18. Nb6 Bb7 19. Nxc4 Nxe5 20. Bxb7 Nxc4 21. Bxa6
Nxb2 22. Rdb1 Ra8 23. Bb5 Rfc8 24. Ne5 Rxc2 25. Ra2 Bxe5 26. fxe5 Re2 27. Bxe2 1-0

[Event "ch-RUS Blitz 2016"]
[Site "Sochi RUS"]
[Date "2016.10.04"]
[Round "15.20"]
[White "Tekeyev, Zaur"]
[Black "Matinian, Nikita"]
[Result "0-1"]
[WhiteTitle "FM"]
[BlackTitle "IM"]
[WhiteElo "2357"]
[BlackElo "2495"]
[WhiteFideId "4199731"]
[BlackFideId "24129100"]
[EventDate "2016.10.04"]

1. e4 d6 2. d4 g6 3. Nf3 Bg7 4. Bc4 c6 5. Nbd2 Nf6 6. e5 dxe5 7. Nxe5 O-O 8.
Ndf3 Nd5 9. O-O Nd7 10. Nd3 N7b6 11. Bb3 Bg4 12. c3 Nd7 13. h3 Bxf3 14. Qxf3 e6
15. Re1 Qc7 16. Bg5 a5 17. a3 a4 18. Ba2 Ra5 19. Bd2 N5f6 20. c4 Raa8 21. Bf4
Qb6 22. Be3 Qa5 23. Rad1 Rfe8 24. Qe2 Rad8 25. Bd2 Qa7 26. Be3 Qa5 27. Bd2 Qa8
28. Qf3 Qa7 29. Bc3 Qb6 30. Re2 Qc7 31. Rde1 b5 32. cxb5 cxb5 33. d5 exd5 34.
Rxe8+ Rxe8 35. Rxe8+ Nxe8 36. Bxd5 Nf8 37. Bxg7 Nxg7 38. Ne5 Nge6 39. Ng4 Qc1+
40. Kh2 Qf4+ 41. Qxf4 Nxf4 42. Bc6 Nd3 43. Bxb5 Nxb2 44. Kg3 Ne6 45. Nf6+ Kg7
46. Ne4 Nd4 47. Ba6 Nc2 48. Nc3 0-1